000
00416nam a2200145Ia 4500
008
090124s9999 xx 000 0 und d
082
_b
401965
245
_a
राजकन्या अलका
250
_a
1
260
_b
भडभडे शुभांगी
_c
1985
300
_a
66
630
_a
राजकन्या अलका
730
_a
राजकन्या अलका
942
_c
BOOK
999
_c
198425
_d
198425